Gestin̤ del talento humano y el conocimiento

Detalles Bibliográficos
Autor principal: Cuesta Santos, amando
Formato: eBook
Lenguaje:español
Publicado: Bogot:̀ ECOE, 2010
Materias:
Acceso en línea:Acceso restringido

MARC

LEADER 00000nam a22000007a 4500
005 20131010184056.0
007 cr|||| ||||
008 131010s2010 co |||||s|||| 00||0 spa d
020 |a 978-958-648-657-6 
035 |a 11565 
040 |a vLex 
090 |c 4553  |d 4553 
100 1 |a  Cuesta Santos, amando 
245 1 0 |a Gestin̤ del talento humano y el conocimiento  |h [Recurso electrn̤ico] /  |c Armando Cuesta Santos  
256 |a Servicio en ln̕ea 
260 |a Bogot:̀  |b ECOE,  |c 2010 
300 |a 1 recurso electrn̤ico 
506 1 |a Contenido solo disponible en los productos indicados  |d vLex Global  |d vLex Global (Academic Edition, excluding Law Schools)  |d vLex Global (U.S. Academic Edition, Law Schools)  |d vLex Global (U.S. Academic Edition, excluding Law Schools)  |d vLex Global (Academic Edition, Law Schools) 
650 0 4 |a Personal   |x Administracin̤  |z Colombia 
740 0 |a vLex Libros (Servicio en ln̕ea) 
856 4 0 |u http://vlex.com/source/gestion-talento-humano-y-el-conocimiento-11565  |z Acceso restringido 
942 |c BOOK 
999 0 |a Personnel management